01638cam a2200313 i 450000100090000000300040000900500170001300800410003002000240007104000480009504200080014304300120015105000210016310000490018424500620023325000120029526000340030730000510034150400670039250504430045965000370090265000580093965000520099770000430104990600450109294200120113799900150114995201600116417967566OSt20260513113527.0240621t20252025nyu b 001 0 eng  a9781032516554 (hbk) aDLCbengcDLCerdadDLCdMILA_aindMILA_ain apcc ae-uk---00aZ278b.C557 20251 aClark, Giles N.q(Giles Noel)eauthor.9274310aInside book publishing /cGiles Clark and Angus Phillips. a7th ed. aNew York, bRoutledge;c2025. axix, 355 pages :billustrations, maps ;c26 cm aIncludes bibliographical references (pages 334-338) and index.0 aThe development of modern trade publishing -- Publishing for educational, academic and professional markets -- The characteristics of the main publishing sectors -- Creating and protecting value in publishing -- The author -- Commissioning -- The author contract and editorial development -- Design and production -- Marketing -- Sales and distribution -- Rights sales -- The sales channels for books in the UK -- Getting into publishing. 0aPublishers and publishing.92744 0aPublishers and publishingxVocational guidance.92745 0aPublishers and publishingzGreat Britain.927461 aPhillips, Angus,d1961-eauthor.92747 a7bcbccorignewd1eecipf20gy-gencatlg 2lcccBK c2663d2663 00102lcc4070aMIUCLbMIUCLcGENd2026-05-13eEmo Book Services Sdn Bhdg177.74l0oZ278 .C557 2025p0003625r2026-05-13 11:36:17v177.74w2026-05-13yBK